000 00614nam a2200181Ia 4500
008 100920s9999 xx 000 0 und d
082 _b61392
_a51 थ 93
100 _aजाधव नरेंद्र.
245 _aआमचा बाप आन्र आम्ही.
260 _bग्रंथाली, मुंबई.
_c1993
300 _a190
_bसाधी
365 _b100
520 _aचरित्र.
630 _aआमचा बाप आन्र आम्ही.
650 _aचरित्र.
730 _aआमचा बाप आन्र आम्ही.
942 _cBOOK
999 _c704602
_d704599